An evalution of the working of provincial councils in Sri Lanka (Record no. 504064)

000 -LEADER
fixed length control field 00365cam a22000977a 4500
008 - FIXED-LENGTH DATA ELEMENTS--GENERAL INFORMATION
fixed length control field 180718b2010 xxu||||| |||| 00| 0 eng d
100 ## - MAIN ENTRY--PERSONAL NAME
Personal name Amarasinghe, Ranjith...[at.al.]
245 ## - TITLE STATEMENT
Title An evalution of the working of provincial councils in Sri Lanka
Statement of responsibility, etc. by Ranjith Amarasinghe...[at.al.]
260 ## - PUBLICATION, DISTRIBUTION, ETC.
Place of publication, distribution, etc. Rajagiriya
Name of publisher, distributor, etc. Institute for constitutional studies
Date of publication, distribution, etc. 2010
300 ## - PHYSICAL DESCRIPTION
Extent 215p.
Holdings
Withdrawn status Lost status Source of classification or shelving scheme Damaged status Not for loan Permanent Location Current Location Date acquired Full call number Barcode Date last seen Price effective from Koha item type Total Checkouts Checked out Date last checked out
          Indian Institute of Public Administration Indian Institute of Public Administration 2018-08-04 B811x548 Am13/c.3 GR20498 2018-08-04 2018-08-04 GR      
          Indian Institute of Public Administration Indian Institute of Public Administration 2018-08-04 B811x548 Am13/c.2 GR20497 2019-03-02 2018-08-04 GR 1 2019-04-01 2019-03-02
          Indian Institute of Public Administration Indian Institute of Public Administration 2018-08-04 B811x548 Am13 GR20496 2018-08-04 2018-08-04 GR      

Powered by Koha